[Event "Tourney For The New Year"]
[Site "SchemingMind.com"]
[Date "2021.12.30"]
[Round "-"]
[White "Mitch The Man"]
[Black "ray winteringham"]
[Result "0-1"]
[WhiteCountry "USA"]
[BlackCountry "ENG"]
[WhiteElo "1289"]
[WhiteRD "62"]
[BlackElo "1457"]
[BlackRD "49"]
[GameID "718945"]

1. e4 e5 2. Nf3 Nc6 3. Bc4 h6 4. O-O Bc5 5. c3 Nf6 6. Bxf7+ Kxf7 7. Qc2 d6 8. b4 Bb6 9. h3 Be6 10. d3 Nh5
11. Qe2 Ng3 12. Ng5+ hxg5 13. Qf3+ Qf6 14. Qxg3 Raf8 15. Be3 Ke7 16. Bxb6 axb6 17. Nd2 Qf4 18. Qxf4 gxf4 19. Kh2 g5 20. f3 g4
21. fxg4 Bxg4 22. Nf3 Be6 23. Ng5 Rh5 24. Nxe6 Kxe6 25. Rf3 Rg8 26. a3 Rhg5 27. Ra2 Rh8 28. Raf2 Ne7 29. Kg1 Ng6 30. d4 Nh4
31. d5+ Kf6 32. Rd3 Rhg8 33. Kf1 Nxg2 34. Rdd2 Ne3+ 35. Ke2 Rg2 36. Kd3 R2g3 37. Ke2 Rxh3 38. a4 Rgg3
0-1

[Event "Tourney For The New Year"]
[Site "SchemingMind.com"]
[Date "2021.12.30"]
[Round "-"]
[White "ray winteringham"]
[Black "Mitch The Man"]
[Result "1-0"]
[WhiteCountry "ENG"]
[BlackCountry "USA"]
[WhiteElo "1457"]
[WhiteRD "49"]
[BlackElo "1289"]
[BlackRD "62"]
[GameID "718946"]

1. e4 e5 2. Bc4 Nf6 3. d3 Be7 4. Be3 O-O 5. Nf3 Bd6 6. h3 Qe8 7. Nbd2 h6 8. a3 c6 9. b4 b5 10. Bb3 Kh7
11. c4 Ba6 12. c5 Bc7 13. O-O d6 14. Nh4 g6 15. g4 g5 16. Nf5 d5 17. Qc2 d4 18. Bxg5 hxg5 19. Nf3 Kg6 20. Qd2 Rh8
21. Qxg5+
1-0

[Event "Tourney For The New Year"]
[Site "SchemingMind.com"]
[Date "2021.12.30"]
[Round "-"]
[White "Mitch The Man"]
[Black "piper"]
[Result "0-1"]
[WhiteCountry "USA"]
[BlackCountry "USA"]
[WhiteElo "1289"]
[WhiteRD "62"]
[BlackElo "1275"]
[BlackRD "56"]
[GameID "718950"]

1. e4 e5 2. Bc4 Nf6 3. Bxf7+ Kxf7 4. Qe2 d5 5. d3 d4 6. a3 Nc6 7. Nf3 Bd6 8. Ng5+ Ke7 9. O-O h6 10. Nf3 Bg4
11. Qe1 Bxf3 12. gxf3 Kd7 13. Nd2 Kc8 14. Nc4 Bc5 15. b4 b5 16. Nb2 Be7 17. Kh1 Nh5 18. Rg1 Bg5 19. Bxg5 hxg5 20. a4 a5
21. axb5 Nxb4 22. Qd2 Qd7 23. b6 cxb6 24. Nc4 Qc7 25. Qxg5 Nxc2 26. Qf5+ Kb7 27. Rac1 Nb4 28. Nxa5+ Rxa5 29. Rxc7+ Kxc7 30. Rc1+ Kb7
31. Qd7+ Ka6 32. Rc7 Ra1+ 33. Kg2 Nf4+ 34. Kg3 Rg1#
0-1

[Event "Tourney For The New Year"]
[Site "SchemingMind.com"]
[Date "2021.12.30"]
[Round "-"]
[White "piper"]
[Black "Mitch The Man"]
[Result "1-0"]
[WhiteCountry "USA"]
[BlackCountry "USA"]
[WhiteElo "1275"]
[WhiteRD "56"]
[BlackElo "1289"]
[BlackRD "62"]
[GameID "718951"]

1. e4 e5 2. Nf3 Nc6 3. d4 Nxd4 4. Nxe5 Bc5 5. c3 Ne6 6. Bc4 Bxf2+ 7. Kxf2 Qf6+ 8. Nf3 Ne7 9. e5 Qg6 10. Bd3 Qh5
11. Re1 O-O 12. Kg1 Nf5 13. a4 Nc5 14. Be3 Nxd3 15. Qxd3 Nxe3 16. Qxe3 Qg6 17. Nbd2 Re8 18. a5 a6 19. b4 f6 20. Nc4 d5
21. Ncd2 Qf7 22. Qd3 c6 23. exf6 Rxe1+ 24. Rxe1 Be6 25. fxg7 Bf5 26. Qd4 Qxg7 27. Qxg7+ Kxg7 28. Re7+ Kg8 29. Rxb7 Bd3 30. Ne5 Bb5
31. Rc7 Re8 32. Nxc6 Re1+ 33. Kf2 Re2+ 34. Kf3 Re8 35. Re7 Rf8+ 36. Ke3 Bxc6 37. g3 Bb5 38. Kd4 Rd8 39. Nf3 h6 40. Re5 Bc4
41. Nd2 Ba2 42. h4 Rd7 43. Re8+ Kh7 44. Ra8 Rd6 45. Ra7+ Kg6 46. Nf3 Bc4 47. Ne5+ Kh5 48. Nxc4 dxc4+ 49. Kxc4 Rc6+ 50. Kb3 Rg6
51. Ka4
1-0

[Event "Tourney For The New Year"]
[Site "SchemingMind.com"]
[Date "2021.12.31"]
[Round "-"]
[White "piper"]
[Black "ray winteringham"]
[Result "0-1"]
[WhiteCountry "USA"]
[BlackCountry "ENG"]
[WhiteElo "1275"]
[WhiteRD "56"]
[BlackElo "1457"]
[BlackRD "49"]
[GameID "718952"]

1. e4 e5 2. Nf3 d6 3. Be2 Nf6 4. d3 h6 5. O-O Be7 6. Nh4 Nxe4 7. dxe4 Bxh4 8. Bg4 Bf6 9. f3 Bxg4 10. h3 Be6
11. c3 O-O 12. b4 Nd7 13. Na3 a6 14. Nc2 Bh4 15. Be3 Bc4 16. Bf2 Bxf1 17. Qxf1 Bxf2+ 18. Qxf2 a5 19. a4 b6 20. b5 Nc5
21. Na3 Nxa4 22. c4 Nc5 23. Rd1 f5 24. exf5 Rxf5 25. Nc2 Qg5 26. Ne3 Rf7 27. Re1 Nd3 28. f4 Rxf4 29. Qe2 Nxe1 30. Qxe1 Raf8
31. h4 Qg6 32. Nd5 Rf1+ 33. Qxf1 Rxf1+ 34. Kxf1 Qd3+ 35. Kg1 Qxc4
0-1

[Event "Tourney For The New Year"]
[Site "SchemingMind.com"]
[Date "2021.12.31"]
[Round "-"]
[White "ray winteringham"]
[Black "piper"]
[Result "1-0"]
[WhiteCountry "ENG"]
[BlackCountry "USA"]
[WhiteElo "1457"]
[WhiteRD "49"]
[BlackElo "1275"]
[BlackRD "56"]
[GameID "718953"]

1. g3 e5 2. e4 Bc5 3. Bg2 Nf6 4. a3 O-O 5. b4 Bd4 6. c3 Bb6 7. d3 d6 8. Bg5 h6 9. Bxf6 Qxf6 10. Nf3 Bg4
11. Nbd2 c6 12. O-O h5 13. a4 a5 14. Nc4 axb4 15. cxb4 g6 16. a5 Bd8 17. Qd2 Bxf3 18. Bxf3 Qxf3 19. Nxd6 b5 20. Nb7 Qf6
21. Nc5 Be7 22. f4 exf4 23. a6 Bxc5+ 24. bxc5 Rxa6 25. Rxa6 Nxa6 26. Rxf4 Qd4+ 27. Kg2 Nxc5 28. Rf3 Kg7 29. h4 Re8 30. Rf4 Nxd3
31. Kh2 Nxf4 32. Qxd4+ Kh7 33. gxf4 Rb8 34. Qd6 b4 35. Qxb8 c5 36. Qb5
1-0

[Event "Tourney For The New Year"]
[Site "SchemingMind.com"]
[Date "2021.12.31"]
[Round "-"]
[White "Mitch The Man"]
[Black "Sire"]
[Result "1-0"]
[WhiteCountry "USA"]
[BlackCountry "AUS"]
[WhiteElo "1289"]
[WhiteRD "62"]
[BlackElo "1437"]
[BlackRD "66"]
[GameID "718963"]

1. e4 e5 2. Nf3 Qf6 3. Bc4 Nc6 4. O-O Na5 5. Bxf7+ Qxf7 6. Nxe5 Qe6 7. Qh5+ g6 8. Nxg6 Qxg6 9. Qe5+ Be7 10. Qxa5 b6
11. Qd5 c6 12. Qf5 Qxf5 13. exf5 Nf6 14. Re1 Nd5 15. b3 Nb4 16. Na3 h5 17. f6 Nd5 18. fxe7 Rh7 19. c4 Nxe7 20. Bb2 Bb7
21. Bf6 Rf7 22. Bg5 O-O-O 23. Bxe7 Re8 24. h3 Rexe7 25. Rxe7 Rxe7 26. Rd1 c5 27. Nb5 Kb8 28. Nd6 Bc6 29. Nf5 Re5 30. Ne3 h4
31. Ng4 Rg5 32. d4 Be4 33. f3 Bc2 34. Rc1 Bf5 35. d5 d6 36. Nf2 Bd7 37. Ne4 Rg6 38. g4 hxg3 39. Kg2 Kb7 40. Nxg3 Rh6
41. Re1 Rh4 42. Re7 Kc7 43. Nf5 Rh5 44. Ng3 Rg5 45. h4 Rg6 46. Kf2 Kd8 47. Rh7 a5 48. Rh8+ Be8 49. Nf5 Rf6 50. Ng7 Rg6
51. Nxe8 Ke7 52. Nc7 Kd7 53. Rh7+ Kc8 54. Nb5 Kd8 55. h5 Rf6 56. Rh8+ Ke7 57. Na7 Kf7 58. Nc6 Kg7 59. Re8 Rh6 60. Re7+ Kf8
61. Re6 Kg7 62. Rxh6 Kxh6 63. Kg3 Kxh5 64. Kf4 Kg6 65. Ne7+ Kf6 66. Nf5
1-0

[Event "Tourney For The New Year"]
[Site "SchemingMind.com"]
[Date "2021.12.31"]
[Round "-"]
[White "Sire"]
[Black "Mitch The Man"]
[Result "1-0"]
[WhiteCountry "AUS"]
[BlackCountry "USA"]
[WhiteElo "1437"]
[WhiteRD "66"]
[BlackElo "1289"]
[BlackRD "62"]
[GameID "718964"]

1. e4 b6 2. d4 Bb7 3. d5 a6 4. Bc4 b5 5. Bb3 d6 6. Nf3 Nd7 7. Bg5 Ngf6 8. Nbd2 Nc5 9. O-O Nxb3 10. Nxb3 Nxe4
11. Bh4 Qd7 12. Ng5 Nxg5 13. Bxg5 e6 14. dxe6 fxe6 15. Qh5+ g6 16. Qg4 Be7 17. Bh6 O-O-O 18. Nd4 Bd5 19. b3 Bf8 20. Bg5 Be7
21. Rae1 Bxg5 22. Qxg5 Rdg8 23. Qg4 c5 24. Ne2 Re8 25. Nc3 Bc6 26. Rd1 b4 27. Ne2 Bb5 28. c4 Bc6 29. Qg3 e5 30. Qg5 Re6
31. Qh6 Rf6 32. Ng3 Rhf8 33. Rd2 Kc7 34. f3 Kb6 35. Rfd1 Ka5 36. a3 Qe7 37. axb4+ cxb4 38. Ra2+ Kb6 39. Qe3+ Kb7 40. Rda1 Bxf3
41. Rxa6 Kc8 42. Ra8+ Bxa8 43. Rxa8+
1-0

[Event "Tourney For The New Year"]
[Site "SchemingMind.com"]
[Date "2021.12.30"]
[Round "-"]
[White "piper"]
[Black "Sire"]
[Result "0-1"]
[WhiteCountry "USA"]
[BlackCountry "AUS"]
[WhiteElo "1275"]
[WhiteRD "56"]
[BlackElo "1437"]
[BlackRD "66"]
[GameID "718965"]

1. e4 e5 2. Nf3 Qf6 3. d4 Bd6 4. d5 h6 5. Bb5 a6 6. Be2 Ne7 7. O-O Bc5 8. Be3 Bd6 9. c4 b6 10. a3 Bb7
11. b4 Ng6 12. Nc3 Nf4 13. Bxf4 Qxf4 14. Qd2 Qf6 15. Nd1 c6 16. dxc6 Bxc6 17. c5 bxc5 18. bxc5 Bxc5 19. Qc3 d6 20. Bd3 Bd7
21. Bc4 O-O 22. Ne3 Bc6 23. Bd5 Qf4 24. Bxc6 Nxc6 25. Nd5 Qxe4 26. Nc7 Ra7 27. Nd5 Qxd5 28. Rfd1 Qe6 29. Qd3 e4 30. Qd5 Qxd5
31. Rxd5 exf3 32. gxf3 Ne7 33. Rd2 Nf5 34. Rd3 Nd4 35. Rad1 Ne2+ 36. Kg2 Nf4+ 37. Kg3 Nxd3 38. Rxd3 Rb7
0-1

[Event "Tourney For The New Year"]
[Site "SchemingMind.com"]
[Date "2021.12.30"]
[Round "-"]
[White "Sire"]
[Black "piper"]
[Result "1-0"]
[WhiteCountry "AUS"]
[BlackCountry "USA"]
[WhiteElo "1437"]
[WhiteRD "66"]
[BlackElo "1275"]
[BlackRD "56"]
[GameID "718966"]

1. g3 Nf6 2. Bg2 c6 3. b3 d5 4. Bb2 e6 5. Nf3 Bc5 6. d4 Bb6 7. O-O O-O 8. e3 Ne4 9. Ne5 Bc7 10. f3 Nxg3
11. hxg3 f6 12. Nd3 Bxg3 13. f4 f5 14. Rf3 Qh4 15. Bc3 Qh2+ 16. Kf1 Rf6 17. Be1 Bxe1 18. Nxe1 Rg6 19. Rh3 Qxh3 20. Bxh3 Rg3
21. Qh5 Rxe3 22. Ng2 Re4 23. Qe8#
1-0

[Event "Tourney For The New Year"]
[Site "SchemingMind.com"]
[Date "2021.12.31"]
[Round "-"]
[White "Sire"]
[Black "ray winteringham"]
[Result "0-1"]
[WhiteCountry "AUS"]
[BlackCountry "ENG"]
[WhiteElo "1437"]
[WhiteRD "66"]
[BlackElo "1457"]
[BlackRD "49"]
[GameID "718967"]

1. e4 e5 2. Qh5 d6 3. Bc4 g6 4. Qf3 Nf6 5. d3 Be7 6. Bh6 Bg4 7. Qg3 Qd7 8. h3 Be6 9. Bxe6 Qxe6 10. Nf3 Nc6
11. Ng5 Qd7 12. Nc3 O-O-O 13. Nxf7 Nd4 14. Rc1 Rhg8 15. Nxd8 Kxd8 16. b3 a6 17. Na4 Nh5 18. Qh2 g5 19. c3 Ne6 20. O-O Rg6
21. Bxg5 Nxg5 22. Kh1 Ne6 23. Nb2 Bg5 24. Rcd1 Qf7 25. Qg1 Qg7 26. f3 Bf4 27. Qa7 Rxg2 28. Qg1 Ng3+ 29. Kxg2 Ne2+ 30. Kf2 Nxg1
31. Rxg1 Ng5 32. h4 Nh3+
0-1

[Event "Tourney For The New Year"]
[Site "SchemingMind.com"]
[Date "2021.12.31"]
[Round "-"]
[White "ray winteringham"]
[Black "Sire"]
[Result "1/2-1/2"]
[WhiteCountry "ENG"]
[BlackCountry "AUS"]
[WhiteElo "1457"]
[WhiteRD "49"]
[BlackElo "1437"]
[BlackRD "66"]
[GameID "718968"]

1. e4 e5 2. Bc4 Qh4 3. Qf3 Nf6 4. d3 d6 5. Nc3 Bg4 6. Qe3 Nc6 7. g3 Qh5 8. f3 Bd7 9. Bd2 Na5 10. Nce2 Nxc4
11. g4 Qh4+ 12. Ng3 Nxe3 13. Bxe3 Be7 14. O-O-O d5 15. N1e2 Bxg4 16. fxg4 Qxg4 17. h3 Qe6 18. Nf5 Rg8 19. Rhg1 g6 20. Nh6 Rg7
21. Ng3 Qxh3 22. Ngf5 Kd7 23. Bd2 Bc5 24. Rh1 Qg2 25. Nxg7 d4 26. Rdg1 Qe2 27. Re1 Qf3 28. Ref1 Qe2 29. Re1 Qg2 30. Reg1=
1/2-1/2

[Event "Tourney For The New Year"]
[Site "SchemingMind.com"]
[Date "2022.01.03"]
[Round "-"]
[White "Mitch The Man"]
[Black "Kevin Powers"]
[Result "1-0"]
[WhiteCountry "USA"]
[BlackCountry "CUB"]
[WhiteElo "1317"]
[WhiteRD "68"]
[BlackElo "1022"]
[BlackRD "101"]
[GameID "719162"]

1. e4 e6 2. e5 d5 3. d4 c5 4. Be3 Qb6 5. b3 Nc6 6. Qd2 Nxd4 7. Bxd4 cxd4 8. Bd3 Bb4 9. c3 dxc3 10. Nxc3 d4
11. Rb1 Bxc3 12. Nf3 Bd7 13. O-O Bxd2 14. Nxd2 Bb5 15. Bxb5+ Qxb5 16. Nf3 d3 17. Rfe1 Ne7 18. Nd2 O-O 19. a4 Qb4 20. Rb2 Qc3
21. Reb1 Rac8 22. h3 Qxe5 23. Nc4 Qc3 24. Nd2 Nf5 25. Kh2
1-0

[Event "Tourney For The New Year"]
[Site "SchemingMind.com"]
[Date "2022.01.03"]
[Round "-"]
[White "Kevin Powers"]
[Black "Mitch The Man"]
[Result "0-1"]
[WhiteCountry "CUB"]
[BlackCountry "USA"]
[WhiteElo "1220"]
[WhiteRD "170"]
[BlackElo "1289"]
[BlackRD "62"]
[GameID "719163"]

1. d4 d5 2. e3 e6 3. Bd3 c6 4. Nd2 Bd6 5. f4 Ne7 6. Ngf3 O-O 7. O-O Nf5 8. Qe2 a6 9. g4 Nh4 10. Qf2 Nxf3+
11. Nxf3 Bd7 12. Bxh7+ Kxh7 13. Ng5+ Kg6 14. Qh4 Rh8 15. f5+ exf5
0-1

[Event "Tourney For The New Year"]
[Site "SchemingMind.com"]
[Date "2022.01.03"]
[Round "-"]
[White "piper"]
[Black "Kevin Powers"]
[Result "1-0"]
[WhiteCountry "USA"]
[BlackCountry "CUB"]
[WhiteElo "1262"]
[WhiteRD "56"]
[BlackElo "1022"]
[BlackRD "101"]
[GameID "719164"]

1. e4 e6 2. Nf3 d5 3. exd5 exd5 4. Be2 Bd6 5. O-O Ne7 6. Re1 O-O 7. d4 Nbc6 8. Ng5 Bf5 9. Bd3 Qd7 10. Bxf5 Qxf5
11. Nf3 Ng6 12. Qd3 Qxd3 13. cxd3 Rfe8 14. Rxe8+ Rxe8 15. Nc3 Nb4 16. Be3
1-0

[Event "Tourney For The New Year"]
[Site "SchemingMind.com"]
[Date "2022.01.03"]
[Round "-"]
[White "Kevin Powers"]
[Black "piper"]
[Result "0-1"]
[WhiteCountry "CUB"]
[BlackCountry "USA"]
[WhiteElo "1022"]
[WhiteRD "101"]
[BlackElo "1262"]
[BlackRD "56"]
[GameID "719165"]

1. d4 d5 2. e3 e6 3. Bd3 Bb4+ 4. c3 Bd6 5. f4 Nf6 6. Nd2 O-O 7. Ngf3 c5 8. Ne5 a6 9. O-O c4 10. Bc2 Bd7
11. g4 Bxe5 12. fxe5 Be8 13. exf6 gxf6 14. Qf3 Nd7 15. Qh3 f5 16. gxf5 Qg5+ 17. Kh1 f6
0-1

[Event "Tourney For The New Year"]
[Site "SchemingMind.com"]
[Date "2022.01.03"]
[Round "-"]
[White "Sire"]
[Black "Kevin Powers"]
[Result "1-0"]
[WhiteCountry "AUS"]
[BlackCountry "CUB"]
[WhiteElo "1439"]
[WhiteRD "70"]
[BlackElo "1022"]
[BlackRD "101"]
[GameID "719166"]

1. e4 e6 2. e5 d5 3. d4 c5 4. Nf3 Nc6 5. Bb5 Qa5+ 6. Bd2 Qxb5 7. b3 Nxd4 8. Nc3 Nxf3+ 9. Qxf3 Qa6 10. Na4 Bd7
11. Nc3 Ne7 12. Ne2 Bb5 13. a4 Bxe2 14. Qxe2 Qxe2+ 15. Kxe2 Nc6 16. f4 Be7 17. Rhf1 g6 18. a5 a6 19. Kf2 Nd4 20. Ra2 Kd7
21. c3 Nxb3 22. Be1 c4 23. Kg1 Bd8 24. Bf2 Bxa5 25. Be1 Bb6+ 26. Kh1 Nc1 27. Rb2 Nb3 28. h3 Kc6 29. Rf3 a5 30. Ra2 Nc1
31. Rc2 Nd3 32. Bg3 a4 33. Ra2 a3 34. Kh2 Nc1 35. Ra1 a2 36. Bf2
1-0

[Event "Tourney For The New Year"]
[Site "SchemingMind.com"]
[Date "2022.01.03"]
[Round "-"]
[White "Kevin Powers"]
[Black "Sire"]
[Result "0-1"]
[WhiteCountry "CUB"]
[BlackCountry "AUS"]
[WhiteElo "1022"]
[WhiteRD "101"]
[BlackElo "1439"]
[BlackRD "70"]
[GameID "719167"]

1. d4 b6 2. Nf3 Bb7 3. e3 e6 4. Bd3 Qf6 5. Nbd2 Bxf3 6. Nxf3 Ne7 7. e4 Nec6 8. c3 Na5 9. Bg5 Qg6 10. e5 Qh5
11. h3 f5 12. exf6 Nbc6 13. g4 Qf7 14. Ne5 Nxe5 15. dxe5 g6 16. Qf3 Nc6 17. Bf4 h6 18. Be4 g5 19. Bxc6 Rd8 20. Be3 dxc6
21. Qxc6+ Qd7 22. Qxd7+ Rxd7 23. Rd1 Rd5 24. Rxd5 exd5 25. e6 Bd6 26. Bd4 Rh7 27. Kd2 c5 28. Be3 Be5 29. f7+ Ke7 30. Re1 Rh8
31. Kc2 Kxe6 32. f4 Kxf7 33. fxe5 Ke6 34. Rf1 Kxe5 35. Rf7 a6 36. Re7+ Kd6
0-1

[Event "Tourney For The New Year"]
[Site "SchemingMind.com"]
[Date "2022.01.04"]
[Round "-"]
[White "ray winteringham"]
[Black "Kevin Powers"]
[Result "1-0"]
[WhiteCountry "ENG"]
[BlackCountry "CUB"]
[WhiteElo "1432"]
[WhiteRD "50"]
[BlackElo "1022"]
[BlackRD "101"]
[GameID "719168"]

1. e4 e6 2. d4 d5 3. e5 c5 4. c3 Nc6 5. Be2 Qb6 6. Nf3 cxd4 7. cxd4 Nge7 8. O-O Nf5 9. b3 Nfxd4 10. Be3 Nxf3+
11. Bxf3 Bc5 12. Bxc5 Qxc5 13. Nd2 Nxe5 14. Rc1 Nxf3+ 15. Nxf3 Qd6 16. Re1 O-O 17. Qc2 Bd7 18. Ng5 g6 19. Qc3 f6 20. Nf3 Rac8
21. Qd4 Rxc1 22. Rxc1 b6 23. h3 e5 24. Qd1 Rc8 25. Ra1 d4 26. Nd2 Qd5 27. Nc4 Kg7 28. Ne3
1-0

[Event "Tourney For The New Year"]
[Site "SchemingMind.com"]
[Date "2022.01.04"]
[Round "-"]
[White "Kevin Powers"]
[Black "ray winteringham"]
[Result "1-0"]
[WhiteCountry "CUB"]
[BlackCountry "ENG"]
[WhiteElo "1220"]
[WhiteRD "170"]
[BlackElo "1457"]
[BlackRD "49"]
[GameID "719169"]

1. d4 d5 2. e3 e6 3. Bd3 Nf6 4. Nd2 Bd6 5. f4 Bd7 6. Ngf3 h6 7. Ne5 Nc6 8. c3 Qe7 9. b4 O-O 10. O-O a6
11. Qf3 b5 12. e4 a5 13. Nxc6 Bxc6 14. e5 Ne4 15. exd6 Qxd6 16. Nxe4 dxe4 17. Bxe4 Rab8 18. Bxc6 axb4 19. Bd2 bxc3 20. Bxc3 g6
21. Rab1 Rb6 22. d5 h5 23. Bb4 Qxd5 24. Bxd5
1-0

[Event "Tourney For The New Year"]
[Site "SchemingMind.com"]
[Date "2022.01.04"]
[Round "-"]
[White "Mitch The Man"]
[Black "albert0750"]
[Result "0-1"]
[WhiteCountry "USA"]
[BlackCountry "POL"]
[WhiteElo "1289"]
[WhiteRD "62"]
[BlackElo "1529"]
[BlackRD "89"]
[GameID "719193"]

1. e4 e5 2. Nf3 Nc6 3. Bc4 h6 4. O-O Bc5 5. a3 Nf6 6. h3 d6 7. d3 Be6 8. Bxe6 fxe6 9. Nc3 O-O 10. b4 Bb6
11. Na4 d5 12. Nxb6 axb6 13. exd5 exd5 14. c3 e4 15. dxe4 dxe4 16. Qb3+ Kh8 17. Nh2 Qd5 18. Qxd5 Nxd5 19. Bb2 Nf4 20. Bc1 Ne2+
21. Kh1 Nxc3 22. Re1 Nxb4 23. Bb2 Nc2 24. Bxc3 Nxe1 25. Rxe1 Rxf2 26. Rxe4 Rxa3
0-1

[Event "Tourney For The New Year"]
[Site "SchemingMind.com"]
[Date "2022.01.03"]
[Round "-"]
[White "albert0750"]
[Black "Mitch The Man"]
[Result "0-1"]
[WhiteCountry "POL"]
[BlackCountry "USA"]
[WhiteElo "1529"]
[WhiteRD "89"]
[BlackElo "1289"]
[BlackRD "62"]
[GameID "719194"]

1. d4 e6 2. c4 Bb4+ 3. Bd2 Bxd2+ 4. Nxd2 Ne7 5. e3 O-O 6. Ngf3 b6 7. Bd3 Ba6 8. b4 Bb7 9. O-O Bxf3 10. Qxf3 c6
11. Ne4 Ng6 12. a4 Nh4 13. Qh3 Ng6 14. f3 f5 15. Nc3 Qe7 16. c5 Qg5 17. e4 Qe3+ 18. Kh1 Qxd3 19. Rac1 Qxd4 20. exf5 Rxf5
21. Ne4 Qxb4 22. cxb6 axb6
0-1

[Event "Tourney For The New Year"]
[Site "SchemingMind.com"]
[Date "2022.01.04"]
[Round "-"]
[White "piper"]
[Black "albert0750"]
[Result "0-1"]
[WhiteCountry "USA"]
[BlackCountry "POL"]
[WhiteElo "1262"]
[WhiteRD "56"]
[BlackElo "1566"]
[BlackRD "86"]
[GameID "719195"]

1. e4 e5 2. Nf3 Nc6 3. Be2 Nf6 4. O-O Bc5 5. d3 d6 6. c3 O-O 7. Bg5 h6 8. Bh4 Be6 9. a3 d5 10. exd5 Bxd5
11. d4 exd4 12. cxd4 Bxf3 13. dxc5 Bxe2 14. Qxe2 Re8 15. Bxf6 Qxf6 16. Qc4 Qxb2 17. Nc3 Qd2 18. Nd5 Rac8 19. Nb4 Qd4 20. Qxd4 Nxd4
21. Rab1 Ne2+ 22. Kh1 Nc3 23. Rbc1 Ne2 24. Rce1 c6 25. f3 Re6 26. Rf2 Ng3+ 27. hxg3 Rxe1+ 28. Kh2 Ra1 29. Nc2 Ra2 30. Re2 b6
31. cxb6 axb6 32. f4 Kh7 33. g4 Ra8 34. f5 R8xa3 35. Nxa3 Rxe2 36. Nc4 b5 37. Nd6 b4 38. Nc4 b3 39. Kg3 b2 40. Nxb2 Rxb2
41. Kf3 Rd2 42. g3 c5 43. Ke3 Rd8 44. Kf4 c4 45. g5 hxg5+ 46. Kxg5 f6+ 47. Kf4 c3
0-1

[Event "Tourney For The New Year"]
[Site "SchemingMind.com"]
[Date "2022.01.03"]
[Round "-"]
[White "albert0750"]
[Black "piper"]
[Result "1-0"]
[WhiteCountry "POL"]
[BlackCountry "USA"]
[WhiteElo "1529"]
[WhiteRD "89"]
[BlackElo "1275"]
[BlackRD "56"]
[GameID "719196"]

1. d4 d5 2. c4 dxc4 3. e3 e6 4. Bxc4 Bd6 5. Nf3 Nf6 6. Nc3 O-O 7. e4 Bb4 8. O-O Bd6 9. e5 Bxe5 10. dxe5 Qxd1
11. Rxd1 b6 12. exf6 g6 13. Nb5 a6 14. Nc3 Bb7 15. Bf4 Bxf3 16. gxf3 b5 17. Bd3 c5 18. Be4 Ra7 19. Bd6 Rd8 20. Bxc5 Rxd1+
21. Rxd1 Rd7 22. Rc1 Rd2 23. b4 Nd7 24. Be3
1-0

[Event "Tourney For The New Year"]
[Site "SchemingMind.com"]
[Date "2022.01.04"]
[Round "-"]
[White "Sire"]
[Black "albert0750"]
[Result "1-0"]
[WhiteCountry "AUS"]
[BlackCountry "POL"]
[WhiteElo "1437"]
[WhiteRD "66"]
[BlackElo "1529"]
[BlackRD "89"]
[GameID "719197"]

1. e4 e5 2. Qh5 Nc6 3. Bc4 Qf6 4. d3 g6 5. Qe2 d6 6. h3 Be6 7. Bb5 Bd7 8. Nf3 O-O-O 9. Bg5 Qe6 10. Bxd8 Kxd8
11. Bc4 Qe7 12. Bd5 Nf6 13. Bxc6 Bxc6 14. Nc3 Bh6 15. O-O Nh5 16. Nd5 Bxd5 17. exd5
1-0

[Event "Tourney For The New Year"]
[Site "SchemingMind.com"]
[Date "2022.01.04"]
[Round "-"]
[White "albert0750"]
[Black "Sire"]
[Result "1-0"]
[WhiteCountry "POL"]
[BlackCountry "AUS"]
[WhiteElo "1529"]
[WhiteRD "89"]
[BlackElo "1437"]
[BlackRD "66"]
[GameID "719198"]

1. d4 b6 2. c4 d5 3. Nc3 dxc4 4. e3 Ba6 5. Nf3 e6 6. Qa4+ Qd7 7. Ne5 Qxa4 8. Nxa4 b5 9. Nc3 f6 10. Nf3 Bb4
11. Bd2 Ne7 12. a3 Bxc3 13. Bxc3 Nd5 14. Be2 O-O 15. O-O Nc6 16. Nd2 Bb7 17. Rfb1 f5 18. Bf3 f4 19. exf4 Nxf4 20. b3 Rab8
21. bxc4 Ne7 22. cxb5 Ne2+ 23. Bxe2 Bd5 24. Bc4 Bxc4 25. Nxc4 Nd5 26. Bd2 Nf6 27. Bf4 Rb7 28. a4 Ne4 29. g3 Nc3 30. Re1 Nd5
31. Na5 Rbb8 32. Be5 Rbc8 33. f4 Nb6 34. Nc6 Rf7 35. Nxa7 Rb8 36. Rec1 Rb7 37. Nc6 Nd5 38. Nd8 Rb8 39. Nxf7 Kxf7 40. Bxc7 Nxc7
41. Rxc7+ Kf6 42. Re1 Ra8 43. Ra1 Rd8 44. Rc4 Kf5 45. b6 Ke4 46. a5 Kd5 47. Rb4 Kc6 48. b7 Rb8 49. a6
1-0

[Event "Tourney For The New Year"]
[Site "SchemingMind.com"]
[Date "2022.01.04"]
[Round "-"]
[White "ray winteringham"]
[Black "albert0750"]
[Result "0-1"]
[WhiteCountry "ENG"]
[BlackCountry "POL"]
[WhiteElo "1457"]
[WhiteRD "49"]
[BlackElo "1529"]
[BlackRD "89"]
[GameID "719199"]

1. g3 e5 2. e4 Nf6 3. Bg2 Nc6 4. c3 Bc5 5. b4 Bb6 6. a4 a6 7. a5 Ba7 8. d3 d6 9. Nd2 O-O 10. Ngf3 Bg4
11. O-O d5 12. Qe1 dxe4 13. dxe4 Qd3 14. h3 Bxf3 15. Nxf3 Nxe4 16. Nxe5 Nxe5 17. Bxe4 Qxg3+ 18. Kh1 Qxh3+ 19. Kg1 Nf3+ 20. Bxf3 Qxf3
21. Be3 Rfe8 22. Qe2 Qxe2
0-1

[Event "Tourney For The New Year"]
[Site "SchemingMind.com"]
[Date "2022.01.04"]
[Round "-"]
[White "albert0750"]
[Black "ray winteringham"]
[Result "1-0"]
[WhiteCountry "POL"]
[BlackCountry "ENG"]
[WhiteElo "1529"]
[WhiteRD "89"]
[BlackElo "1457"]
[BlackRD "49"]
[GameID "719200"]

1. d4 d5 2. c4 e6 3. Nc3 Nf6 4. Nf3 h6 5. e3 Bb4 6. Bd2 O-O 7. a3 Bxc3 8. Bxc3 Bd7 9. Bd3 dxc4 10. Bxc4 b5
11. Ba2 Nc6 12. O-O a6 13. d5 Ne7 14. Bxf6 gxf6 15. dxe6 fxe6 16. Nd4 Kg7 17. Bxe6 c5 18. Qg4+ Kh7 19. Bxd7 cxd4 20. Qxd4 Qc7
21. Qe4+ f5 22. Qxe7+ Kh8 23. Rac1 Qd8 24. Qxd8 Rfxd8 25. Bxf5 Rd3 26. Bxd3
1-0

[Event "Tourney For The New Year"]
[Site "SchemingMind.com"]
[Date "2022.01.04"]
[Round "-"]
[White "Kevin Powers"]
[Black "albert0750"]
[Result "0-1"]
[WhiteCountry "CUB"]
[BlackCountry "POL"]
[WhiteElo "1022"]
[WhiteRD "101"]
[BlackElo "1566"]
[BlackRD "86"]
[GameID "719201"]

1. d4 d5 2. e3 e6 3. Bd3 Nf6 4. Nd2 Nbd7 5. f4 c5 6. c3 cxd4 7. exd4 Bd6 8. Nh3 O-O 9. O-O b6 10. Qf3 a5
11. Re1 Bb7 12. Nf2 Qc7 13. Nf1 g6 14. g4 Bc8 15. Ng3 Bb7 16. g5 Ne8 17. Ng4 f6 18. gxf6 Nexf6 19. Rxe6 Nxg4 20. Qxg4 Nf6
21. Qg5 Be7 22. Nf5 Rae8
0-1

[Event "Tourney For The New Year"]
[Site "SchemingMind.com"]
[Date "2022.01.03"]
[Round "-"]
[White "albert0750"]
[Black "Kevin Powers"]
[Result "0-1"]
[WhiteCountry "POL"]
[BlackCountry "CUB"]
[WhiteElo "1529"]
[WhiteRD "89"]
[BlackElo "1220"]
[BlackRD "170"]
[GameID "719202"]

1. e4 e6 2. Nf3 d5 3. exd5 exd5 4. d4 Bd6 5. Nc3 c6 6. Bd3 Ne7 7. O-O Bg4 8. h3 Bf5 9. Re1 Bxd3 10. Qxd3 h6
11. Ne5 O-O 12. Bf4 Na6 13. Re2 Nc7 14. Rae1 Ne6 15. Qg3 Nf5 16. Qd3 Nxf4 17. Qxf5 Nxe2+ 18. Rxe2 Bxe5
0-1